000 00731nam a2200193Ia 4500
005 20251020182614.0
008 200515s9999 xx 000 0 und d
082 _aSC/691.42/M79
100 _aMOROMI NAKATA, Isabel PLASENCIA CONTRERAS, Oswaldo
245 0 _aTejas y laminas de fibra-cemento : Proyecto
260 _aLima
260 _cs.a.
300 _a128
520 _aConstituye el Informe Final del Estudio de Investigación denominado "cobertura de Techos : Tejas y Laminas de Fibra Cemento", en el cual se ha evaluado la posibilidad técnica y económica que dichos elementos poseen para su utilización en nuestro país
650 _aFIBRACEMENTO
650 _aLAMINAS ONDULADAS
650 _aTEJAS
942 _cLIB
999 _c3455
_d3455